[Event "18th Chefchaouen Open 2019"]
[Site "Chefchaouen"]
[Date "2019.07.21"]
[Round "9.2"]
[White "Gorbatov, Alexej"]
[Black "Levin, Evgeny A."]
[Result "1/2-1/2"]
[WhiteElo "2374"]
[BlackElo "2504"]
[Annotator "ChessBase"]
[PlyCount "28"]
[EventDate "2019.07.15"]
[EventType "swiss"]
[EventCountry "MAR"]
[SourceTitle "playchess.com"]
[Source "ChessBase"]
[SourceQuality "1"]
[TimeControl "5400+30"]

1. e4 {[%emt 0:00:00]} e6 {[%emt 0:00:00]} 2. d4 {[%emt 0:00:02]} d5 {[%emt 0:00:00]} 3. Nc3 {[%emt 0:01:17]} Nf6 {[%emt 0:00:00]} 4. exd5 {[%emt 0:00:09]} exd5 {[%emt 0:00:08]} 5. Bg5 {[%emt 0:00:06]} Be7 {[%emt 0:00:23]} 6. Bd3 {[%emt 0:02:07]} Nc6 {[%emt 0:01:44]} 7. Nge2 {[%emt 0:00:19]} O-O {[%emt 0:00:13]} 8. a3 {[%emt 0:00:19]} Bg4 {[%emt 0:00:38]} 9. Qd2 {[%emt 0:02:17]} Bxe2 {[%emt 0:01:10]} 10. Bxe2 {[%emt 0:00:54]} Nd7 {[%emt 0:00:28]} 11. Bf4 {[%emt 0:00:46]} Nf6 {[%emt 0:00:08]} 12. Bg5 {[%emt 0:00:04]} Nd7 {[%emt 0:00:03]} 13. Bf4 {[%emt 0:00:03]} Nf6 {[%emt 0:00:03]} 14. Bg5 {[%emt 0:00:05]} Nd7 {[%emt 0:00:02]} 1/2-1/2

[Event "18th Chefchaouen Open 2019"]
[Site "Chefchaouen"]
[Date "2019.07.21"]
[Round "9.3"]
[White "Buscara, Sevan"]
[Black "Karpatchev, Aleksandr"]
[Result "1-0"]
[WhiteElo "2404"]
[BlackElo "2445"]
[Annotator "TA"]
[PlyCount "144"]
[EventDate "2019.07.15"]
[EventType "swiss"]
[EventCountry "MAR"]
[SourceTitle "playchess.com"]
[Source "ChessBase"]
[SourceQuality "1"]

{[%evp 10,144,46,25,34,17,17,-32,20,0,17,19,32,29,35,29,83,57,85,91,110,57,52,46,52,27,45,31,24,32,35,22,47,0,0,-15,-3,-51,0,-28,-25,-20,0,0,0,0,33,27,47,31,35,41,46,0,0,0,0,0,18,0,0,0,0,0,0,-29969,0,0,0,0,-2,-6,0,0,0,-146,73,73,73,73,73,73,179,138,171,156,260,260,260,254,200,73,73,73,73,0,73,0,73,73,73,73,73,73,73,73,73,73,73,73,73,73,73,73,66,64,75,75,435,28,592,592,1841,2113,11556,592,592,60,449,399,1080,148,12520,6062,29986,29987,29987]} 1. e4 e5 2. Nf3 Nc6 3. Bc4 Nf6 4. d3 h6 5. O-O d6 6. Re1 g5 {C55: Two Knights: 4 d3, 4 d4 exd4 5 e5 and Max Lange Attack} 7. Bb5 $146 (7. c3 g4 8. Nfd2 Nh5 9. Nf1 Nf4 10. d4 Qf6 11. Na3 Be7 12. Nc2 Bd7 13. Nce3 exd4 14. Nf5 {0-1 (40) Najer,E (2670)-Fedoseev,V (2719) St Petersburg 2018}) 7... Bg7 8. d4 Nd7 (8... g4 $15 9. dxe5 Nd7 10. Bxc6 bxc6) 9. dxe5 Ndxe5 10. Nxe5 Bxe5 11. Nc3 a6 12. Ba4 g4 (12... Bd7 $11 {keeps the balance.}) 13. Nd5 $1 $16 b5 14. Bb3 Nd4 15. Bf4 (15. Be3 $16 Nc6 16. a4) 15... c6 $14 16. Bxe5 dxe5 17. Ne3 h5 18. c3 (18. Qd3 {seems wilder.} O-O 19. Red1 Qg5 20. c3 Nxb3 21. axb3 Be6 22. b4) 18... Nxb3 19. Qxb3 Be6 20. Qc2 Qg5 21. Nf5 Rd8 22. Re3 Rd7 23. Rf1 f6 ({Better is} 23... O-O $15) 24. b3 Kf7 25. c4 Rhd8 26. cxb5 $1 cxb5 27. h4 Qg6 (27... gxh3 $5 28. Rg3 hxg2 29. Rxg2 Qf4 30. Rg7+ Ke8 $11) 28. Rc3 Bxf5 29. exf5 Qh6 30. Rc7 {Rd1 is the strong threat.} Qf8 $1 31. Rc1 Rxc7 32. Qxc7+ $11 {[%mdl 4096] Endgame KQR-KQR} Qe7 33. Qb6 (33. Qc2 {feels hotter.} e4 34. Kf1 e3 35. Re1 Qd6 36. fxe3 Rd7 37. Kg1) 33... Rd6 34. Qa5 (34. Qb8 {looks sharper.} Rd8 35. Rc8 Rxc8 36. Qxc8 Qd6 37. Qb7+) 34... e4 35. Re1 Qd7 36. Rxe4 Rd1+ 37. Kh2 $2 {[%mdl 8192]} (37. Re1 $11) 37... Qxf5 $2 (37... Qd6+ $1 {mates} 38. g3 Qc5 $1 {[%mdl 512]} 39. Re3 Qc1 40. Re7+ {[%mdl 64] Decoy} Kxe7 41. Qb4+ Kd7 42. Qe4 Qc6 43. Qe6+ Qxe6 44. fxe6+ Kxe6 45. Kg2 b4 46. f4 Rd2+ {[%mdl 64] Double Attack} 47. Kf1 Kd5 48. Ke1 Rxa2 49. Kf1 Ke4 50. Ke1 Kd3 51. f5 a5 52. Kf1 a4 53. Ke1 axb3 54. Kf1 b2 55. Kg2 b1=Q#) 38. Qc7+ Qd7 39. Qc3 Qd6+ 40. g3 {And now Qc8 would win.} Qd2 {[%cal Rd2f2]} 41. Qc5 Kg6 {Threatening ...Rc1.} 42. Re6 (42. a4 $11) 42... Qd5 $2 (42... Rf1 $1 $17 {[%cal Rf1f2] keeps the pressure on.} 43. Kg2 Rxf2+ $1 {[%mdl 576] Deflection} 44. Qxf2 Qd5+ {[%mdl 64] Double Attack} 45. Kh2 Qxe6) 43. Qxd5 $16 Rxd5 44. Rxa6 {KR-KR} b4 45. Kg2 Rd2 (45... Rb5 $16) 46. Ra4 $1 $18 Rb2 47. Kf1 Kf5 (47... Rb1+ $16 {was worth a try.} 48. Ke2 Rb2+ 49. Ke3 Kf7 50. Rxb4 Rxa2) 48. Rxb4 Rxa2 49. Rf4+ Ke5 50. Ra4 (50. b4 $18 {is more deadly.}) 50... Rb2 $16 51. Ra5+ Ke4 52. Ra4+ Ke5 $1 53. Ra5+ Ke4 54. Rxh5 {Threatens to win with Rb5.} Rxb3 55. Kg2 f5 56. Rg5 Rb6 57. Rg8 Ke5 58. Rf8 Rb1 59. Ra8 Rc1 60. Ra6 Rc5 61. Rg6 Rc1 62. h5 Rc7 63. h6 Rh7 $2 {[%mdl 8192]} (63... Ra7 $16) 64. f4+ $2 (64. f3 $1 $18 Rb7 65. fxg4 fxg4 66. Rxg4) 64... gxf3+ $2 {[%mdl 8192]} (64... Ke4 $11) 65. Kxf3 $18 Rh8 66. Kg2 Ra8 67. Kh3 (67. h7 $142 {aiming for Rg8.} Rh8 68. Rh6) 67... Ra1 {Black hopes to continue with ...Rh1+.} 68. Rb6 $2 ({White must play} 68. Kh4 $18) 68... f4 $2 {[%mdl 8192]} (68... Rh1+ $14 69. Kg2 Rh5) 69. g4 $1 Rg1 $2 {[#]} (69... Rh1+ 70. Kg2 Rh4) 70. g5 $2 (70. Kh4 $1 $18) 70... f3 $2 {[%mdl 8192]} (70... Kf5 $16) 71. Rb2 Rxg5 {[#]} 72. Rb5+ $1 Kf4 {Accuracy: White = 51%, Black = 36%.} 1-0

[Event "18th Chefchaouen Open 2019"]
[Site "Chefchaouen"]
[Date "2019.07.21"]
[Round "9.4"]
[White "Djuric, Stefan"]
[Black "Duzhakov, Ilya"]
[Result "1/2-1/2"]
[WhiteElo "2368"]
[BlackElo "2383"]
[Annotator "NA"]
[PlyCount "41"]
[EventDate "2019.07.15"]
[EventType "swiss"]
[EventCountry "MAR"]
[SourceTitle "playchess.com"]
[Source "ChessBase"]
[SourceQuality "1"]
[TimeControl "5400+30"]

1. d4 {[%emt 0:09:35]} Nf6 {[%emt 0:00:00]} 2. c4 {[%emt 0:00:12]} g6 {[%emt 0:00:08]} 3. g3 {[%emt 0:00:33]} c6 {[%emt 0:01:00]} 4. Nc3 {[%emt 0:03:24]} d5 {[%emt 0:00:22]} 5. cxd5 {[%emt 0:00:12]} cxd5 {[%emt 0:00:30]} 6. Nh3 {[%emt 0:00:03]} Bg7 {[%emt 0:04:43]} 7. Nf4 {[%emt 0:00:07]} O-O {[%emt 0:03:59]} 8. Bg2 {[%emt 0:02:34]} Nc6 {[%emt 0:01:05]} 9. O-O {[%emt 0:03:32]} e6 {[%emt 0:01:41]} 10. e3 {[%emt 0:02:47]} b6 {[%emt 0:04:46]} 11. Rb1 {[%emt 0:00:52]} a5 {[%emt 0:04:12]} 12. Re1 {[%emt 0:06:00]} Ba6 {[%emt 0:03:21]} 13. a3 {[%emt 0:01:45]} Rc8 {[%emt 0:00:48]} 14. Nd3 {[%emt 0:00:33]} Ne8 {[%emt 0:09:06]} 15. Na4 {[%emt 0:06:34]} Nd6 {[%emt 0:04:37]} 16. Bf1 {[%emt 0:01:23]} Bb5 {[%emt 0:13:20]} 17. Nc3 {[%emt 0:00:18]} Ba6 {[%emt 0:01:11]} 18. Na4 {[%emt 0:00:55]} Bb5 {[%emt 0:01:48]} 19. Nc3 {[%emt 0:00:34]} Ba6 {[%emt 0:00:13]} 20. Na4 {[%emt 0:58:07]} Ra8 {[%emt 0:43:10]} 21. Ra1 {[%emt 0:00:30]} 1/2-1/2

[Event "18th Chefchaouen Open 2019"]
[Site "Chefchaouen"]
[Date "2019.07.21"]
[Round "9.5"]
[White "Salaka, Youssef"]
[Black "Flom, Gabriel"]
[Result "0-1"]
[WhiteElo "2105"]
[BlackElo "2494"]
[Annotator "TA"]
[PlyCount "62"]
[EventDate "2019.07.15"]
[EventType "swiss"]
[EventCountry "MAR"]
[SourceTitle "playchess.com"]
[Source "ChessBase"]
[SourceQuality "1"]

{[%evp 17,62,27,20,-12,0,-5,8,-11,11,0,0,-10,-12,-17,-24,-16,0,0,0,-31,0,0,0,0,0,0,0,-12,5,0,0,0,21,-2,6,-13,-12,-10,-8,-26,-33,-25,-10,-159,-170,-285,-284]} 1. e4 c5 2. Nf3 e6 3. c3 Nf6 4. e5 Nd5 5. d4 cxd4 6. cxd4 d6 7. Bc4 Nc6 8. O-O Nb6 9. Bb5 Bd7 10. exd6 {B22: Sicilian: 2 c3} Bxd6 11. Nc3 a6 12. Be2 {The position is equal.} Nb4 $146 ({Predecessor:} 12... O-O 13. a3 Ne7 14. Ne5 Ned5 15. Bf3 Bxe5 16. dxe5 Nxc3 17. bxc3 {½-½ (39) Potkin,V (2534)-Karjakin,S (2562) bereg.ru Int 2003}) 13. Ne4 Bc6 14. Bg5 f6 15. Nxd6+ Qxd6 16. Be3 {[#] aiming for d5.} Bd5 17. a3 Nc6 18. b4 Nc4 19. Nd2 Nxd2 20. Qxd2 O-O 21. Rac1 Rad8 22. Rc3 Rd7 23. Rd1 Rfd8 24. f3 Qe7 25. Qe1 Qf7 26. Qf2 Ne7 27. Bd3 Bc6 28. Be4 Bxe4 29. fxe4 Nc6 30. Rcd3 (30. Qa2 $11) 30... Qg6 $17 31. Qf3 {[#]} (31. d5 {is a better defense.}) 31... Ne5 $1 {[%mdl 576] Double Attack, Pin. Accuracy: White = 26%, Black = 48%.} 0-1

[Event "18th Chefchaouen Open 2019"]
[Site "Chefchaouen"]
[Date "2019.07.21"]
[Round "9.6"]
[White "Ashraf, Shereif"]
[Black "Chennaoui, Yasin"]
[Result "1-0"]
[WhiteElo "2292"]
[BlackElo "2092"]
[Annotator "NA"]
[PlyCount "77"]
[EventDate "2019.07.15"]
[EventType "swiss"]
[EventCountry "MAR"]
[SourceTitle "playchess.com"]
[Source "ChessBase"]
[SourceQuality "1"]
[TimeControl "5400+30"]

1. d4 {[%emt 0:00:00]} d6 {[%emt 0:00:00]} 2. Nf3 {[%emt 0:00:00]} Nf6 {[%emt 0:00:00]} 3. c4 {[%emt 0:00:00]} Nbd7 {[%emt 0:00:00]} 4. Nc3 {[%emt 0:00:08]} e5 {[%emt 0:00:00]} 5. g3 {[%emt 0:00:05]} Be7 {[%emt 0:00:00]} 6. Bg2 {[%emt 0:00:10]} O-O {[%emt 0:00:00]} 7. O-O {[%emt 0:00:10]} c6 {[%emt 0:00:02]} 8. e4 {[%emt 0:00:12]} Re8 {[%emt 0:00:01]} 9. h3 {[%emt 0:00:20]} Bf8 {[%emt 0:00:31]} 10. Qc2 {[%emt 0:03:56]} a6 {[%emt 0:00:06]} 11. a4 {[%emt 0:00:09]} a5 {[%emt 0:03:04]} 12. Be3 {[%emt 0:01:30]} Qc7 {[%emt 0:13:25]} 13. Rad1 {[%emt 0:02:53]} b6 {[%emt 0:02:39]} 14. Rfe1 {[%emt 0:05:06]} Ba6 {[%emt 0:03:07]} 15. Bf1 {[%emt 0:13:28]} Bb7 {[%emt 0:00:07]} 16. d5 {[%emt 0:00:34]} Rac8 {[%emt 0:03:16]} 17. Nd2 {[%emt 0:03:20]} cxd5 {[%emt 0:04:24]} 18. cxd5 {[%emt 0:01:22]} Nc5 {[%emt 0:00:12]} 19. Bb5 {[%emt 0:01:57]} Nfd7 {[%emt 0:04:07]} 20. Bxc5 {[%emt 0:11:50]} Nxc5 {[%emt 0:20:19]} 21. Bxe8 {[%emt 0:00:16]} Rxe8 {[%emt 0:00:02]} 22. Nb5 {[%emt 0:01:25]} Qd7 {[%emt 0:00:19]} 23. Nc4 {[%emt 0:13:04]} Ba6 {[%emt 0:05:20]} 24. Nxb6 {[%emt 0:03:26]} Qb7 {[%emt 0:00:22]} 25. Nc4 {[%emt 0:00:52]} Bxb5 {[%emt 0:00:07]} 26. axb5 {[%emt 0:01:01]} Qxb5 {[%emt 0:00:02]} 27. Re3 {[%emt 0:07:53]} Rb8 {[%emt 0:02:57]} 28. b3 {[%emt 0:03:44]} Nxb3 {[%emt 0:02:59]} 29. Rb1 {[%emt 0:00:21]} a4 {[%emt 0:00:02]} 30. Nd2 {[%emt 0:00:33]} Qd7 {[%emt 0:00:24]} 31. Nxb3 {[%emt 0:00:21]} axb3 {[%emt 0:00:13]} 32. Rexb3 {[%emt 0:00:42]} Rxb3 {[%emt 0:02:59]} 33. Rxb3 {[%emt 0:00:10]} Qxh3 {[%emt 0:00:42]} 34. Rb8 {[%emt 0:00:25]} Qd7 {[%emt 0:01:34]} 35. Qc6 {[%emt 0:00:27]} Qe7 {[%emt 0:00:15]} 36. Re8 {[%emt 0:00:17]} Qxe8 {[%emt 0:08:40]} 37. Qxe8 {[%emt 0:00:11]} g6 {[%emt 0:00:02]} 38. f4 {[%emt 0:00:54]} f6 {[%emt 0:00:07]} 39. Kf1 {[%emt 0:01:31]} 1-0